=LDR 00000nam 2200000 4500 =001 NUTBA000000000004265 =005 20140910090600.0 =006 =007 =008 =020 ##$$a 979-28-1058-5 =035 ##$$a 0010-091400000000298 =040 ##$$a NBPDMAT =082 ##$$a 540.76 =084 ##$$a 540.76 Wal k =100 ##$$a Waldjinah =245 ##$$a Kimia Untuk SMA/MA Kelas XI Semester 2 / $c Waldjinah,Erna Triwulandari =260 ##$$a Klaten : $b Intan Pariwara, $c 2013 =300 ##$$a iv, 116 hlm. : $b ilus. ; $c 28 cm. =500 ##$$a Bibilografi : hlm.116 =650 ##$$a Kimia-SMA-soal,dsb =700 ##$$a Erna Triwulandari =990 ##$$a 21411132